[Event "2. Bundesliga Mitte 2013/2014"]
[Site "St. Veit/Glan"]
[Date "2014.03.21"]
[Round "6"]
[Board "4"]
[White "Wertjanz, David"]
[Black "Hartl, Daniel"]
[Result "1/2-1/2"]
[WhiteElo "2281"]
[BlackElo "2286"]
[PlyCount "59"]
[EventDate "2013.10.04"]
[EventType "team"]
[EventRounds "11"]
[EventCountry "AUT"]
[WhiteTeam "Union Styria Graz"]
[BlackTeam "SC MPOE Maria Saal II"]

1. c4 {[%emt 0:00:00]} c6 2. b3 d5 3. Bb2 Nf6 4. Nf3 Bf5 5. d3 Nbd7 6. Nbd2 e6
7. g3 Bd6 8. Bg2 e5 9. O-O Qe7 10. Re1 O-O 11. e4 dxe4 12. dxe4 Bg4 13. Qc2
Rfd8 14. h3 Bh5 15. Nh4 Bc5 16. Nf5 Qe6 17. Nf3 Bxf3 18. Bxf3 g6 19. Nh6+ Kg7
20. Ng4 h5 21. Nxf6 Qxf6 22. Kg2 Nf8 23. h4 Ne6 24. Rad1 a5 25. Rxd8 Rxd8 26.
Rd1 Nd4 27. Bxd4 Rxd4 28. Rxd4 Bxd4 29. Bd1 Qd6 30. Be2 1/2-1/2

[Event "2. Bundesliga Mitte 2013/2014"]
[Site "St. Veit/Glan"]
[Date "2014.03.21"]
[Round "6"]
[Board "5"]
[White "Kaspret, Guido"]
[Black "Stagl, Marco"]
[Result "1-0"]
[WhiteElo "2289"]
[BlackElo "2149"]
[PlyCount "99"]
[EventDate "2013.10.04"]
[EventType "team"]
[EventRounds "11"]
[EventCountry "AUT"]
[WhiteTeam "SC MPOE Maria Saal II"]
[BlackTeam "Union Styria Graz"]

1. c4 e6 2. Nf3 d5 3. g3 Nf6 4. Bg2 Be7 5. O-O O-O 6. d4 c6 7. Nbd2 Nbd7 8. Qc2
b6 9. e4 Ba6 10. Re1 Rc8 11. Qa4 Nb8 12. e5 Nfd7 13. Qb3 dxc4 14. Nxc4 c5 15.
Nd6 Bxd6 16. exd6 cxd4 17. Qd1 Nc5 18. Qxd4 Nc6 19. Qg4 f5 20. Qh5 Qxd6 21. Bf4
Qd7 22. Re3 Ne4 23. Ng5 g6 24. Qh4 e5 25. Bxe4 fxe4 26. Rxe4 Bd3 27. Re3 Rcd8
28. Rae1 Rf5 29. Qh6 Bc4 30. h4 Qg7 31. Qxg7+ Kxg7 32. Bxe5+ Nxe5 33. Rxe5 Rxe5
34. Rxe5 Rd1+ 35. Kg2 Kf6 36. f4 Bd5+ 37. Kf2 h6 38. Ne4+ Kf7 39. Nc3 Rd2+ 40.
Ke3 Rxb2 41. Rxd5 Rg2 42. Ne2 Ke6 43. Rd8 Rh2 44. Ra8 Rh1 45. Rxa7 Rb1 46. g4
Kf6 47. Rh7 Rb2 48. Nd4 Rxa2 49. g5+ hxg5 50. hxg5# 1-0

[Event "2. Bundesliga Mitte 2013/2014"]
[Site "St. Veit/Glan"]
[Date "2014.03.21"]
[Round "6"]
[Board "6"]
[White "Manhardt, Thomas"]
[Black "Ertl, Johann"]
[Result "1-0"]
[WhiteElo "2226"]
[BlackElo "2260"]
[PlyCount "69"]
[EventDate "2013.10.04"]
[EventType "team"]
[EventRounds "11"]
[EventCountry "AUT"]
[WhiteTeam "Union Styria Graz"]
[BlackTeam "SC MPOE Maria Saal II"]

1. e4 e6 2. d4 d5 3. e5 c5 4. c3 Qb6 5. Nf3 Bd7 6. Bd3 cxd4 7. cxd4 Bb5 8. O-O
Bxd3 9. Qxd3 Ne7 10. Nc3 Nec6 11. Be3 Be7 12. Rfc1 O-O 13. Bg5 Qd8 14. Bxe7
Qxe7 15. Nb5 a6 16. Nd6 f6 17. Qb3 fxe5 18. dxe5 b5 19. Qe3 Qa7 20. Rc5 Na5 21.
Ng5 h6 22. Nxe6 Nd7 23. Rc7 Qxe3 24. fxe3 Nxe5 25. Nxf8 Rxf8 26. b3 Rf6 27. Ne8
Rf7 28. Rf1 Rxf1+ 29. Kxf1 Nf7 30. Rc8 Kh7 31. Nc7 Nd6 32. Rd8 Nf5 33. Nxd5 Nc6
34. Ra8 a5 35. Ra6 1-0

[Event "2. Bundesliga Mitte 2013/2014"]
[Site "St. Veit/Glan"]
[Date "2014.03.22"]
[Round "7"]
[Board "1"]
[White "Freitag, Manfred"]
[Black "Mayerhofer, Peter"]
[Result "1-0"]
[WhiteElo "2382"]
[BlackElo "2202"]
[PlyCount "65"]
[EventDate "2013.10.04"]
[EventType "team"]
[EventRounds "11"]
[EventCountry "AUT"]
[WhiteTeam "ESV Austria Graz"]
[BlackTeam "SPG Freistadt/Wartberg"]

1. d4 d5 2. c4 e5 3. dxe5 d4 4. Nf3 Nc6 5. a3 Nge7 6. b4 Bg4 7. h3 Bxf3 8. exf3
Nxe5 9. f4 N5g6 10. g3 Qd7 11. Bg2 Qe6+ 12. Qe2 Qxe2+ 13. Kxe2 O-O-O 14. Kd3 c5
15. b5 h5 16. h4 Nf5 17. Bh3 Nge7 18. Re1 g6 19. Nd2 Kc7 20. Ne4 Ng8 21. a4 Bg7
22. a5 Ngh6 23. Bd2 Kb8 24. b6 a6 25. Bc1 Rc8 26. Ba3 Rc6 27. Re2 f6 28. Rae1
Rd8 {[%emt 0:00:00]} 29. Nd2 Bf8 30. Nb3 Ng7 31. Bg2 Rdc8 32. Re7 Bxe7 33. Rxe7
 1-0

[Event "2. Bundesliga Mitte 2013/2014"]
[Site "St. Veit/Glan"]
[Date "2014.03.22"]
[Round "7"]
[Board "2"]
[White "Traunwieser, Georg"]
[Black "Karner, Christoph"]
[Result "0-1"]
[WhiteElo "2121"]
[BlackElo "2343"]
[PlyCount "58"]
[EventDate "2013.10.04"]
[EventType "team"]
[EventRounds "11"]
[EventCountry "AUT"]
[WhiteTeam "SPG Freistadt/Wartberg"]
[BlackTeam "ESV Austria Graz"]

1. d4 {[%emt 0:00:00]} Nf6 2. c4 e6 3. Nc3 Bb4 4. f3 d5 5. a3 Be7 6. e4 dxe4 7.
fxe4 e5 8. d5 Bc5 9. Nf3 Bg4 10. Bg5 Nbd7 11. Qc2 a5 12. Na4 h6 13. Bd2 O-O 14.
O-O-O Qe7 15. Nxc5 Nxc5 16. Re1 Bd7 17. b3 Ncxe4 18. Rxe4 Qxa3+ 19. Kb1 Nxe4
20. Bc1 Qb4 21. Qxe4 Qxb3+ 22. Bb2 Rfe8 23. Bd3 f5 24. Qe2 a4 25. Bc2 Qb4 26.
Ka1 b5 27. Rb1 bxc4 28. Nxe5 c3 29. Bc1 Qd6 0-1

[Event "2. Bundesliga Mitte 2013/2014"]
[Site "St. Veit/Glan"]
[Date "2014.03.22"]
[Round "7"]
[Board "3"]
[White "Kotz, Heinz Peter"]
[Black "Ly, Daniel"]
[Result "1/2-1/2"]
[WhiteElo "2339"]
[BlackElo "2079"]
[PlyCount "48"]
[EventDate "2013.10.04"]
[EventType "team"]
[EventRounds "11"]
[EventCountry "AUT"]
[WhiteTeam "ESV Austria Graz"]
[BlackTeam "SPG Freistadt/Wartberg"]

1. e4 c5 2. Nf3 d6 3. d4 cxd4 4. Nxd4 Nf6 5. Nc3 a6 6. Be2 e5 7. Nb3 b6 8. O-O
Bb7 9. f4 Nbd7 10. Bf3 Be7 11. Qe1 O-O 12. Qg3 Re8 13. Be3 Bf8 14. Rae1 Qc7 15.
Kh1 Rad8 16. f5 b5 17. a3 Nc5 18. Bg5 Be7 19. Rf2 Na4 20. Bh6 Bf8 21. Bg5 Be7
22. Bh6 Bf8 23. Bg5 Be7 24. Bh6 Bf8 1/2-1/2

[Event "2. Bundesliga Mitte 2013/2014"]
[Site "St. Veit/Glan"]
[Date "2014.03.22"]
[Round "7"]
[Board "5"]
[White "Spindelboeck, Gernot"]
[Black "Ly, Dominik"]
[Result "1/2-1/2"]
[WhiteElo "2252"]
[BlackElo "1851"]
[PlyCount "88"]
[EventDate "2013.10.04"]
[EventType "team"]
[EventRounds "11"]
[EventCountry "AUT"]
[WhiteTeam "ESV Austria Graz"]
[BlackTeam "SPG Freistadt/Wartberg"]

1. Nf3 {[%emt 0:00:00]} c5 2. c4 Nc6 3. g3 g6 4. Bg2 Bg7 5. O-O e6 6. Nc3 Nge7
7. d3 d6 8. Bd2 O-O 9. a3 Bd7 10. Rb1 b6 11. b4 Rb8 12. Ne1 Nf5 13. e3 Qe7 14.
b5 Nd8 15. a4 Bc8 16. Nf3 Qd7 17. Qb3 Bb7 18. e4 Nd4 19. Nxd4 cxd4 20. Ne2 e5
21. f4 Ne6 22. f5 Nc5 23. Qc2 f6 24. h4 gxf5 25. Rxf5 d5 26. cxd5 Bxd5 27. Rf2
Be6 28. Nc1 f5 29. exf5 Bxf5 30. Kh2 Bg6 31. Rxf8+ Rxf8 32. Bb4 Re8 33. Bc6 Qg4
34. Bxc5 bxc5 35. Qxc5 Rf8 36. Qd5+ Kh8 37. Qg2 Qd1 38. Be4 Qe1 39. Kh3 Rf2 40.
Nb3 Qxb1 41. Qxf2 Qxb3 42. Qf3 Qxa4 43. h5 Bxe4 44. Qxe4 h6 1/2-1/2

[Event "2. Bundesliga Mitte 2013/2014"]
[Site "St. Veit/Glan"]
[Date "2014.03.22"]
[Round "7"]
[Board "6"]
[White "Grabner, Hermann"]
[Black "Aschenbrenner, Robert"]
[Result "0-1"]
[WhiteElo "1973"]
[BlackElo "2279"]
[PlyCount "86"]
[EventDate "2013.10.04"]
[EventType "team"]
[EventRounds "11"]
[EventCountry "AUT"]
[WhiteTeam "SPG Freistadt/Wartberg"]
[BlackTeam "ESV Austria Graz"]

1. e4 g6 2. f4 c6 3. d4 d5 4. e5 Na6 5. Bd2 Nc7 6. h3 h5 7. Nf3 Nh6 8. g3 Bf5
9. Nc3 Be4 10. Be3 Nf5 11. Bf2 Ne6 12. Bg2 Qb6 13. Na4 Qa5+ 14. c3 h4 15. b4
Qc7 16. Nxh4 Nxh4 17. Bxe4 dxe4 18. gxh4 Nxf4 19. Qg4 Nd3+ 20. Ke2 Nxf2 21.
Kxf2 e6 22. Nc5 Bxc5 23. bxc5 O-O-O 24. Qxe4 Qe7 25. Rag1 Rxh4 26. Rg4 Rdh8 27.
Kg3 R4h5 28. h4 g5 29. c4 Qd8 30. a3 Qa5 31. Qf3 gxh4+ 32. Kh3 Rf5 33. Qe3 Qd8
34. Rhg1 f6 35. Rg7 fxe5 36. Qb3 b5 37. cxb5 Qf6 38. Rg8+ Rxg8 39. Rxg8+ Kc7
40. b6+ Kd7 41. bxa7 Rf3+ 42. Qxf3 Qxf3+ 43. Kxh4 Qh1+ 0-1

[Event "2. Bundesliga Mitte 2013/2014"]
[Site "St. Veit/Glan"]
[Date "2014.03.22"]
[Round "7"]
[Board "1"]
[White "Horvath, Adam"]
[Black "Taggatz, Mario"]
[Result "1-0"]
[WhiteElo "2528"]
[BlackElo "2222"]
[PlyCount "93"]
[EventDate "2013.10.04"]
[EventType "team"]
[EventRounds "11"]
[EventCountry "AUT"]
[WhiteTeam "RbEJ Gleisdorf"]
[BlackTeam "Spg. Sauwald"]

1. e4 e6 2. d4 d5 3. Nc3 Nf6 4. Bg5 Be7 5. e5 Nfd7 6. Bxe7 Qxe7 7. f4 a6 8. Nf3
Nb6 9. a3 c5 10. Qd2 Bd7 11. dxc5 Qxc5 12. Bd3 Nc6 13. b4 Qe7 14. Qe3 Qd8 15.
O-O Ne7 16. Nd4 Rc8 17. Nce2 Nc4 18. Qh3 h6 19. c3 Nd2 20. Rfd1 Ne4 21. c4 O-O
22. cxd5 exd5 23. f5 f6 24. Bxe4 dxe4 25. Qb3+ Kh8 26. exf6 Rxf6 27. Ng3 Qb6
28. Nxe4 Rxf5 29. Nd6 Rcf8 30. N6xf5 Nxf5 31. Kh1 Nxd4 32. Qe3 Qg6 33. Qxd4 Bc6
34. Rg1 Rf5 35. Qd3 Qg4 36. Raf1 Rxf1 37. Qxf1 h5 38. Qd3 h4 39. h3 Qg5 40. Qc3
Kh7 41. Qc2+ g6 42. Qf2 Kg7 43. Rf1 Bd5 44. Rd1 Bc6 45. Kg1 Qh5 46. Rf1 Qg5 47.
Qf8+ 1-0

[Event "2. Bundesliga Mitte 2013/2014"]
[Site "St. Veit/Glan"]
[Date "2014.03.22"]
[Round "7"]
[Board "2"]
[White "Renner, Christoph"]
[Black "Huber, Martin Christian"]
[Result "1/2-1/2"]
[WhiteElo "2379"]
[BlackElo "2283"]
[PlyCount "106"]
[EventDate "2013.10.04"]
[EventType "team"]
[EventRounds "11"]
[EventCountry "AUT"]
[WhiteTeam "Spg. Sauwald"]
[BlackTeam "RbEJ Gleisdorf"]

1. d4 Nf6 2. Nf3 g6 3. Bf4 Bg7 4. e3 O-O 5. Be2 d6 6. O-O c5 7. c3 b6 8. h3 Bb7
9. Nbd2 Nbd7 10. Re1 a6 11. Bf1 Qc7 12. Bh2 Rad8 13. Rc1 Qb8 14. e4 e5 15. b4
Qa8 16. bxc5 bxc5 17. dxe5 Nxe5 18. Nxe5 dxe5 19. f3 Bh6 20. Rc2 Rfe8 21. Qe2
Nh5 22. Qf2 Nf4 23. Nc4 Qc8 24. Rd2 Rxd2 25. Nxd2 Qc7 26. Nc4 Re6 27. Rb1 Qe7
28. Kh1 Rf6 29. Qh4 g5 30. Qe1 Kg7 31. Ne3 Bc6 32. Rb6 Qa7 33. Qb1 Bxe4 34.
Qxe4 Qxb6 35. Nf5+ Kg8 36. Bxf4 Rxf5 37. Qxf5 exf4 38. Bd3 Kf8 39. Kh2 Qd6 40.
Bc4 Qe7 41. Bxa6 Kg8 42. Bc4 Bg7 43. Qd3 Be5 44. a4 Bc7 45. Qf5 Ba5 46. Bd3
Bxc3 47. Qxh7+ Kf8 48. Bc4 Qf6 49. Qe4 Qd6 50. Qe2 Bd2 51. Qd3 Qxd3 52. Bxd3
Ke7 53. Kg1 Ke6 1/2-1/2

[Event "2. Bundesliga Mitte 2013/2014"]
[Site "St. Veit/Glan"]
[Date "2014.03.22"]
[Round "7"]
[Board "3"]
[White "Horvath, Tamas"]
[Black "Schmidt, Peter"]
[Result "1/2-1/2"]
[WhiteElo "2392"]
[BlackElo "2377"]
[PlyCount "66"]
[EventDate "2013.10.04"]
[EventType "team"]
[EventRounds "11"]
[EventCountry "AUT"]
[WhiteTeam "RbEJ Gleisdorf"]
[BlackTeam "Spg. Sauwald"]

1. e4 g6 2. d4 Bg7 3. Nc3 d6 4. Bg5 c6 5. Qd2 b5 6. f4 b4 7. Nd1 Qb6 8. c3 Nf6
9. Bd3 O-O 10. Ne3 Re8 11. Ne2 Ba6 12. O-O Nbd7 13. Ng3 e5 14. fxe5 dxe5 15.
Nc4 Qc7 16. Nxe5 Bxd3 17. Nxd7 Nxe4 18. Nxe4 Bxe4 19. Nf6+ Bxf6 20. Bxf6 Qd6
21. Qh6 Qf8 22. Qf4 Bd5 23. Be5 Re6 24. Rf2 Qe7 25. cxb4 Re8 26. h3 g5 27. Qf5
Rg6 28. b3 g4 29. hxg4 Qh4 30. Qh5 Qxg4 31. Qxg4 Rxg4 32. Rc1 a6 33. Rc3 Re6
 1/2-1/2

[Event "2. Bundesliga Mitte 2013/2014"]
[Site "St. Veit/Glan"]
[Date "2014.03.22"]
[Round "7"]
[Board "4"]
[White "Hiermann, Dietmar"]
[Black "Wegerer, Fred"]
[Result "1-0"]
[WhiteElo "2290"]
[BlackElo "2157"]
[PlyCount "77"]
[EventDate "2013.10.04"]
[EventType "team"]
[EventRounds "11"]
[EventCountry "AUT"]
[WhiteTeam "Spg. Sauwald"]
[BlackTeam "RbEJ Gleisdorf"]

1. e4 g6 2. d4 Bg7 3. Nc3 a6 4. Be3 b5 5. Qd2 Bb7 6. f3 d6 7. Nd1 Nd7 8. c3 e6
9. Nf2 h5 10. Bd3 c5 11. Ne2 Ne7 12. O-O Qc7 13. Rac1 Nb6 14. b3 c4 15. Bb1 e5
16. f4 f6 17. Kh1 Rd8 18. Ng1 exf4 19. Bxf4 g5 20. Be3 g4 21. Ne2 Nd7 22. a4
Nf8 23. axb5 axb5 24. d5 Bc8 25. Nd4 Bd7 26. bxc4 bxc4 27. Nf5 Bxf5 28. exf5
Nd7 29. Be4 Ne5 30. Rb1 Rb8 31. Rxb8+ Qxb8 32. Bf4 Kf7 33. Nd1 Ng8 34. Bxe5
fxe5 35. f6 Nxf6 36. Qg5 Rh6 37. Ne3 Kg8 38. Nf5 Nxe4 39. Qxg7# 1-0

[Event "2. Bundesliga Mitte 2013/2014"]
[Site "St. Veit/Glan"]
[Date "2014.03.22"]
[Round "7"]
[Board "5"]
[White "Watzka, Horst"]
[Black "Testor, Sebastian"]
[Result "1/2-1/2"]
[WhiteElo "2250"]
[BlackElo "2308"]
[PlyCount "69"]
[EventDate "2013.10.04"]
[EventType "team"]
[EventRounds "11"]
[EventCountry "AUT"]
[WhiteTeam "RbEJ Gleisdorf"]
[BlackTeam "Spg. Sauwald"]

1. e4 e6 2. f4 d5 3. e5 c5 4. Nf3 Nc6 5. c3 Nh6 6. Na3 Bd7 7. Nc2 Nf5 8. Bd3
Be7 9. Bxf5 exf5 10. d4 Be6 11. O-O O-O 12. Kh1 cxd4 13. Ncxd4 Qd7 14. Be3 Rfc8
15. Qd3 Nxd4 16. Nxd4 Bc5 17. Nc2 b6 18. Bd4 g6 19. h3 Be7 20. Ne3 h6 21. g4
Kh7 22. Rg1 Rg8 23. Rg2 Rad8 24. Rag1 Qc8 25. Qb1 Qd7 26. Qc2 Rc8 27. Qe2 Bc5
28. Qd3 Be7 29. Qd1 Rcd8 30. Qf3 Bc5 31. Rd2 Be7 32. Qd1 Qc8 33. Rdg2 Qd7 34.
Qf3 Qc8 35. Qd1 1/2-1/2

[Event "2. Bundesliga Mitte 2013/2014"]
[Site "St. Veit/Glan"]
[Date "2014.03.22"]
[Round "7"]
[Board "6"]
[White "Niederwieser, Peter"]
[Black "Perhinig, Robert"]
[Result "1/2-1/2"]
[WhiteElo "2203"]
[BlackElo "2282"]
[PlyCount "56"]
[EventDate "2013.10.04"]
[EventType "team"]
[EventRounds "11"]
[EventCountry "AUT"]
[WhiteTeam "Spg. Sauwald"]
[BlackTeam "RbEJ Gleisdorf"]

1. d4 Nf6 2. c4 e6 3. Nc3 Bb4 4. Qc2 c5 5. dxc5 O-O 6. a3 Bxc5 7. Bf4 Nh5 8.
Bg3 f5 9. e3 b6 10. Be2 Nxg3 11. hxg3 Bb7 12. Nf3 g6 13. O-O-O Kg7 14. Nb5 a6
15. Qc3+ Qf6 16. Qxf6+ Kxf6 17. Nd6 Bc6 18. Rxh7 a5 19. Nb5 Na6 20. Nc3 Rh8 21.
Rdh1 Rxh7 22. Rxh7 Rc8 23. Nd4 e5 24. Nxc6 dxc6 25. g4 Be7 26. gxf5 gxf5 27. g4
Rc7 28. gxf5 Kxf5 1/2-1/2

[Event "2. Bundesliga Mitte 2013/2014"]
[Site "St. Veit/Glan"]
[Date "2014.03.22"]
[Round "7"]
[Board "1"]
[White "Poetz, Florian"]
[Black "Flumbort, Andras"]
[Result "1/2-1/2"]
[WhiteElo "2431"]
[BlackElo "2470"]
[PlyCount "60"]
[EventDate "2013.10.04"]
[EventType "team"]
[EventRounds "11"]
[EventCountry "AUT"]
[WhiteTeam "SK Sparkasse Fuerstenfeld"]
[BlackTeam "ASK St. Valentin"]

1. e4 c5 2. Nf3 d6 3. d4 cxd4 4. Nxd4 Nf6 5. Nc3 e6 6. g4 h6 7. h4 Nc6 8. Rg1
d5 9. exd5 Nxd5 10. Nxd5 exd5 11. Be3 Qa5+ 12. c3 Be7 13. g5 hxg5 14. hxg5 Rh4
15. Be2 Nxd4 16. Bxd4 Kf8 17. Qd3 g6 18. Qb5 Qxb5 19. Bxb5 Bf5 20. Be2 Re8 21.
Be3 b6 22. Bb5 Rd8 23. O-O-O Bc5 24. Bxc5+ bxc5 25. Rh1 Rxh1 26. Rxh1 Ke7 27.
b3 Rb8 28. Be2 Kd6 29. Kd2 Ke5 30. Rh4 d4 1/2-1/2

[Event "2. Bundesliga Mitte 2013/2014"]
[Site "St. Veit/Glan"]
[Date "2014.03.22"]
[Round "7"]
[Board "2"]
[White "Sandhoefner, Florian"]
[Black "Kuba, Guenter"]
[Result "1/2-1/2"]
[WhiteElo "2271"]
[BlackElo "2378"]
[PlyCount "60"]
[EventDate "2013.10.04"]
[EventType "team"]
[EventRounds "11"]
[EventCountry "AUT"]
[WhiteTeam "ASK St. Valentin"]
[BlackTeam "SK Sparkasse Fuerstenfeld"]

1. d4 d5 2. Nf3 Nf6 3. c4 e6 4. Nc3 Be7 5. Bf4 O-O 6. e3 b6 7. cxd5 Nxd5 8.
Nxd5 Qxd5 9. Bd3 Qa5+ 10. Nd2 Ba6 11. Bxa6 Nxa6 12. O-O c5 13. Qe2 b5 14. Nb3
Qb6 15. dxc5 Nxc5 16. Nxc5 Bxc5 17. Rac1 Rac8 18. Rc2 Be7 19. Rfc1 Rxc2 20.
Rxc2 Bf6 21. e4 Bd4 22. Be3 Rd8 23. Bxd4 Qxd4 24. g3 g6 25. Kg2 a6 26. Rc7 Rd7
27. Rxd7 Qxd7 28. Qc2 Qd6 29. Qc3 h5 30. a3 Qd7 1/2-1/2

[Event "2. Bundesliga Mitte 2013/2014"]
[Site "St. Veit/Glan"]
[Date "2014.03.22"]
[Round "7"]
[Board "3"]
[White "Feher, Adam"]
[Black "Kranzl, Peter"]
[Result "1-0"]
[WhiteElo "2395"]
[BlackElo "2225"]
[PlyCount "87"]
[EventDate "2013.10.04"]
[EventType "team"]
[EventRounds "11"]
[EventCountry "AUT"]
[WhiteTeam "SK Sparkasse Fuerstenfeld"]
[BlackTeam "ASK St. Valentin"]

1. e4 c6 2. d4 g6 {[%emt 0:00:00]} 3. Nc3 {[%emt 0:00:00]} Bg7 4. Nf3 d6 5. Be3
Nf6 6. Qd2 b5 7. Bd3 Nbd7 8. h3 e5 9. dxe5 dxe5 10. O-O Bb7 11. a4 a6 12. Ne2
O-O 13. Ng3 Qe7 14. c4 b4 15. c5 a5 16. Qc2 Ne8 17. Rfd1 Nc7 18. Bc4 Bf6 19.
Rd6 Rfd8 20. Rad1 Ne8 21. R6d3 Nf8 22. Qb3 Rxd3 23. Rxd3 Bc8 24. Nf1 Ne6 25.
N1h2 h5 26. h4 Kg7 27. Ng5 Bxg5 28. hxg5 Nxc5 29. Bxc5 Qxc5 30. Bxf7 Nd6 31.
Bxg6 Ra7 32. Bxh5 Nxe4 33. Re3 Qc1+ 34. Qd1 Qxd1+ 35. Bxd1 Nxg5 36. Rxe5 Nf7
37. Rc5 Bd7 38. Bb3 Nd6 39. Nf3 Nb7 40. Rh5 Nd6 41. Bc2 Nf7 42. Nd4 Kf8 43. f4
Nd8 44. Kf2 1-0

[Event "2. Bundesliga Mitte 2013/2014"]
[Site "St. Veit/Glan"]
[Date "2014.03.22"]
[Round "7"]
[Board "4"]
[White "Theuretzbacher, Klaus"]
[Black "Radnetter, Georg"]
[Result "1-0"]
[WhiteElo "2265"]
[BlackElo "2257"]
[PlyCount "123"]
[EventDate "2013.10.04"]
[EventType "team"]
[EventRounds "11"]
[EventCountry "AUT"]
[WhiteTeam "ASK St. Valentin"]
[BlackTeam "SK Sparkasse Fuerstenfeld"]

1. e4 b6 2. d4 Bb7 3. Bd3 e6 4. Nf3 c5 5. c3 Nf6 6. Qe2 Be7 7. Bf4 Nc6 8. a3 d6
9. O-O Qc7 10. b4 e5 11. Be3 O-O 12. Nbd2 Nb8 13. h3 Nbd7 14. d5 h6 15. Nh4
Rfe8 16. Nf5 Bf8 17. g4 Kh7 18. Kh2 g6 19. Ng3 Bg7 20. Rg1 Rh8 21. f3 Rae8 22.
Kg2 Kg8 23. h4 Nf8 24. Nc4 b5 25. Nxd6 Qxd6 26. bxc5 Qc7 27. Bxb5 Rb8 28. Qc4
a6 29. Ba4 Ne8 30. Rab1 Nd6 31. Qb4 Nb5 32. c4 Nd4 33. c6 Bxc6 34. Qxb8 Qxb8
35. Rxb8 Bxa4 36. c5 Kh7 37. c6 Nxc6 38. dxc6 Bxc6 39. Rc1 Ba4 40. Ra8 Bb5 41.
Rcc8 Ne6 42. Rxh8+ Bxh8 43. Ra7 Nf4+ 44. Kf2 Nd3+ 45. Kg1 Ne1 46. Kf2 Nd3+ 47.
Ke2 Nb2+ 48. Ke1 Nc4 49. Bc1 Kg8 50. Rc7 Nd6 51. Bxh6 Bf6 52. Bg5 Bxg5 53. hxg5
Be8 54. Rc5 Kf8 55. Kd2 Nb5 56. Rxe5 Nxa3 57. Kc3 Nb1+ 58. Kc2 Na3+ 59. Kb3 Nb1
60. Rd5 Bc6 61. Rd4 Ke7 62. Kb2 1-0

[Event "2. Bundesliga Mitte 2013/2014"]
[Site "St. Veit/Glan"]
[Date "2014.03.22"]
[Round "7"]
[Board "5"]
[White "Hatzl, Stefan"]
[Black "Tober, Gerhard"]
[Result "1/2-1/2"]
[WhiteElo "2172"]
[BlackElo "2284"]
[PlyCount "68"]
[EventDate "2013.10.04"]
[EventType "team"]
[EventRounds "11"]
[EventCountry "AUT"]
[WhiteTeam "SK Sparkasse Fuerstenfeld"]
[BlackTeam "ASK St. Valentin"]

1. Nf3 d5 {[%emt 0:00:00]} 2. c4 e6 3. b3 dxc4 4. bxc4 Be7 5. Bb2 Bf6 6. Nc3 c5
7. g3 Nc6 8. Bg2 Nge7 9. O-O O-O 10. d3 Rb8 11. e3 a6 12. Qe2 b5 13. cxb5 Nb4
14. d4 cxd4 15. exd4 axb5 16. Ne4 Nbd5 17. Nc5 Bd7 18. Rac1 b4 19. Nxd7 Qxd7
20. Ne5 Qa4 21. Be4 Bxe5 22. dxe5 Rfc8 23. Bb1 g6 24. Qg4 Qa5 25. Qg5 Qd8 26.
Rcd1 Qe8 27. Rd4 Nc3 28. Qd2 Nxb1 29. Rxb1 Nd5 30. Re1 Nc3 31. a3 Na4 32. axb4
Nxb2 33. Qxb2 Qb5 34. Red1 Rc4 1/2-1/2

[Event "2. Bundesliga Mitte 2013/2014"]
[Site "St. Veit/Glan"]
[Date "2014.03.22"]
[Round "7"]
[Board "6"]
[White "Heimberger, Reinhard"]
[Black "Hatzl, Johannes"]
[Result "1/2-1/2"]
[WhiteElo "2303"]
[BlackElo "2129"]
[PlyCount "69"]
[EventDate "2013.10.04"]
[EventType "team"]
[EventRounds "11"]
[EventCountry "AUT"]
[WhiteTeam "ASK St. Valentin"]
[BlackTeam "SK Sparkasse Fuerstenfeld"]

1. g3 {[%emt 0:00:00]} e5 2. c4 Nf6 3. Bg2 d5 4. cxd5 Nxd5 5. Nf3 Nc6 6. O-O
Be7 7. d4 exd4 8. Nxd4 Nxd4 9. Qxd4 Nf6 10. Qa4+ c6 11. Nc3 O-O 12. e4 Qb6 13.
Qc2 Qa5 14. a3 Be6 15. h3 Rad8 16. Be3 Rd7 17. b4 Qc7 18. Rac1 a5 19. Bf4 Qd8
20. bxa5 Bxa3 21. Ra1 Bb4 22. e5 Nd5 23. Nxd5 Bxd5 24. Bxd5 Rxd5 25. a6 bxa6
26. Qxc6 a5 27. e6 fxe6 28. Qxe6+ Kh8 29. Bc7 Qg5 30. h4 Qf5 31. Qxf5 Rdxf5 32.
f4 Rd5 33. Rfd1 Rxd1+ 34. Rxd1 Kg8 35. Kg2 1/2-1/2

[Event "2. Bundesliga Mitte 2013/2014"]
[Site "St. Veit/Glan"]
[Date "2014.03.22"]
[Round "7"]
[Board "1"]
[White "Jeric, Simon"]
[Black "Haba, Petr"]
[Result "1/2-1/2"]
[WhiteElo "2268"]
[BlackElo "2498"]
[PlyCount "69"]
[EventDate "2013.10.04"]
[EventType "team"]
[EventRounds "11"]
[EventCountry "AUT"]
[WhiteTeam "SV Raika Rapid Feffernitz II"]
[BlackTeam "Spg. Grieskirchen/Sedda B.Schallerbach"]

1. e4 c5 2. c3 d5 3. exd5 Qxd5 4. d4 Nc6 5. Nf3 Bf5 6. Be2 e6 7. Na3 cxd4 8.
Nb5 O-O-O 9. Nbxd4 Nxd4 10. Nxd4 e5 11. Nf3 Qxd1+ 12. Bxd1 Bc5 13. O-O f6 14.
Be3 Bxe3 15. fxe3 Nh6 16. h3 Kc7 17. Be2 Be6 18. e4 Nf7 19. Kf2 Nd6 20. Bd3 Nc4
21. Bxc4 Bxc4 22. Rfd1 Rxd1 23. Rxd1 Bxa2 24. Ra1 Bc4 25. Nd2 Bb5 26. c4 Bc6
27. Rxa7 g6 28. Ke3 f5 29. b4 Rd8 30. Ra5 f4+ 31. Ke2 Rd4 32. Rxe5 Kd6 33. Rg5
Bxe4 34. Nxe4+ Rxe4+ 35. Kd3 1/2-1/2

[Event "2. Bundesliga Mitte 2013/2014"]
[Site "St. Veit/Glan"]
[Date "2014.03.22"]
[Round "7"]
[Board "2"]
[White "Kilgus, Georg"]
[Black "Pacher, Simon"]
[Result "1-0"]
[WhiteElo "2430"]
[BlackElo "2044"]
[PlyCount "61"]
[EventDate "2013.10.04"]
[EventType "team"]
[EventRounds "11"]
[EventCountry "AUT"]
[WhiteTeam "Spg. Grieskirchen/Sedda B.Schallerbach"]
[BlackTeam "SV Raika Rapid Feffernitz II"]

1. Nf3 Nf6 2. g3 g6 3. Bg2 Bg7 4. c4 c6 5. d4 d6 6. Nc3 Nbd7 7. O-O O-O 8. e4
e5 9. Be3 Ng4 10. Bg5 f6 11. Bc1 Qe7 12. Re1 Kh8 13. b3 exd4 14. Nxd4 Nge5 15.
f4 Nf7 16. Bb2 Nc5 17. b4 Ne6 18. Nf5 Qc7 19. Nxg7 Kxg7 20. Kh1 Bd7 21. Qd2 a5
22. a3 axb4 23. axb4 Qb6 24. Na4 Qc7 25. c5 dxc5 26. bxc5 Bc8 27. Nb6 Rxa1 28.
Rxa1 Qe7 29. Qc2 Rd8 30. Bf3 Nd4 31. Nxc8 1-0

[Event "2. Bundesliga Mitte 2013/2014"]
[Site "St. Veit/Glan"]
[Date "2014.03.22"]
[Round "7"]
[Board "3"]
[White "Hofer, Christian"]
[Black "Schwabeneder, Florian"]
[Result "1/2-1/2"]
[WhiteElo "1942"]
[BlackElo "2353"]
[PlyCount "59"]
[EventDate "2013.10.04"]
[EventType "team"]
[EventRounds "11"]
[EventCountry "AUT"]
[WhiteTeam "SV Raika Rapid Feffernitz II"]
[BlackTeam "Spg. Grieskirchen/Sedda B.Schallerbach"]

1. d4 Nf6 2. Nf3 c5 3. d5 d6 4. Nc3 g6 5. e4 Bg7 6. Be2 O-O 7. O-O Na6 8. Be3
Nc7 9. a4 b6 10. Nd2 e6 11. dxe6 fxe6 12. a5 d5 13. axb6 axb6 14. Rxa8 Nxa8 15.
Bg5 h6 16. Bh4 g5 17. Bg3 Nc7 18. h4 Bb7 19. hxg5 hxg5 20. Nf3 d4 21. Nxg5 dxc3
22. Qxd8 Rxd8 23. Bxc7 Rc8 24. Nxe6 Nxe4 25. bxc3 Nxc3 26. Bg4 Nd5 27. Bg3 Bf6
28. c4 Nc3 29. Nc7 Rd8 30. Re1 1/2-1/2